000 00724nam a2200229 i 4500
001 82148
003 ES-MaACL
005 20230906174619.0
007 t|
008 041125s1991 sp ||||1| spa d
020 _a84-344-1403-1
100 1 _aGalbraith, John Kenneth.
_953345
245 1 0 _aBreve historia de la euforia financiera /
_cJohn Kenneth Galbraith.
260 _aBarcelona :
_bAriel,
_c1991.
300 _a140 p. :
_bil. ;
_c23 cm.
490 1 _aAriel sociedad económica
500 _aTraducción de: A short history of financial emphoria.
650 1 4 _aEconomía-
_vHistoria.
_912012
830 0 _aAriel sociedad económica
_9231567
852 _aES-MaACL
_jE-10491
_bR.134614
999 _c82148
_d82148